000 01656nam a2200385 a 4500
001 ebr10310804
003 CaPaEBR
006 m u
007 cr cn|||||||||
008 090916s2008 enk sb 001 0 eng d
020 _z9781845116422
040 _aCaPaEBR
_cCaPaEBR
035 _a(OCoLC)503446276
043 _ae-gr---
050 1 4 _aDS134
_b.H66 2008eb
245 0 0 _aHomelands and diasporas
_h[electronic resource] :
_bGreeks, Jews and their migrations /
_cedited by Minna Rozen.
260 _aLondon :
_bI.B. Tauris,
_c2008.
300 _a443 p.
490 1 _aInternational library of migration studies ;
_v2
504 _aIncludes bibliographical references (p. [333]-417) and index.
505 0 _apt. 1. The genesis of diasporas -- pt. 2. Pre-modern diaspora: patterns of behaviour -- pt. 3. The diaspora in its various guises -- pt. 4. The modern world and its demise.
533 _aElectronic reproduction.
_bPalo Alto, Calif. :
_cebrary,
_d2013.
_nAvailable via World Wide Web.
_nAccess may be limited to ebrary affiliated libraries.
650 0 _aJewish diaspora.
650 0 _aJewish diaspora
_xHistory.
650 0 _aJews
_xHistory.
650 0 _aJews
_xSocial life and customs.
651 0 _aGreece
_xEmigration and immigration
_xHistory.
651 0 _aGreece
_xHistory.
651 0 _aGreece
_xSocial life and customs.
655 7 _aElectronic books.
_2local
700 1 _aRozen, Minna.
710 2 _aebrary, Inc.
830 0 _aInternational library of migration studies ;
_v2.
856 4 0 _uhttp://site.ebrary.com/lib/rucke/Doc?id=10310804
_zAn electronic book accessible through the World Wide Web; click to view
999 _c161868
_d161868